000 00586cam a2200229ua 4500
003 OSt
008 240213b |||||||| |||| 00| 0 eng d
020 _a81-272-0282-7
041 _aeng
082 _a630.21
_bRED/PR
100 _aYellamanda Reddy, T .
_95974
245 _aPrinciples of agronomy /
250 _a3 /
260 _aNew Delhi :
_bKalyani Publishers ,
_c2005.
300 _a510 ; .
500 _a19371-Reference,20874 Scheme
650 _aPlant population
_95975
650 _aIrrigation
_95229
700 _aSankara Reddy, G H .
_95976
942 _cBK
999 _c57
_d57
003 OSt